Mechanika deformiruemogo tverdogo tela /

Na minha lista:
Detalhes bibliográficos
Autor principal: Rabotnov, Jurij Nikolajevič (Author)
Formato: Livro
Idioma:russo
Publicado em: Moskva : Nauka, 1979
Assuntos:
Tags: Adicionar Tag
Sem tags, seja o primeiro a adicionar uma tag!

MARC

LEADER 00000nam a22000003a 4500
001 stu41231
005 20150617225722.9
008 931115s1979----xxr-----------------rus-d
040 |a STU  |b slo 
041 0 |a rus 
044 |a xxr 
080 |a 539.3/.4  |7 stu_us_auth*stu8140 
100 1 |a Rabotnov, Jurij Nikolajevič  |4 aut 
245 1 |a Mechanika deformiruemogo tverdogo tela /  |c [aut.]Jurij N. Rabotnov 
260 |a Moskva :  |b Nauka,  |c 1979 
300 |a 744 s 
650 7 |a deformácie  |2 stusub 
650 7 |a pevnosť  |2 stusub 
996 |b 284M062201  |c M*3376-2  |l MMKN  |s A  |a 24  |w stu41231_0001